Spy X Family: Couvertures - Statistiques

Statistiques générales
  • Ce quiz a été pris 87 fois
  • Le résultat moyen est 13 sur 18
Statistiques - réponses
Par images Réponse % Correct
Anya Forger
100%
Loid Forger / Twilight
100%
Loid Forger / Twilight
100%
Bond
97%
Yor Forger / Princesse Ibara
97%
Damien Desmond
94%
Yuri Briar
91%
Nocturna / Fiona Frost
84%
Becky Blackbell
83%
Franky Franklin
76%
Emile Elman
63%
Ewen Egeberg
59%
Henry Henderson
57%
Sylvia Sherwood
54%
Camilla
39%
Martha Marriot
39%
Millie
33%
Sharon
33%
Aucun quiz correspondant
Distribution des résultats
% des personnes avec chaque résultat
Percentile par nombre de réponses
Votre historique - résultats
Vous n’avez pas pris ce quiz